[Event "World Cup ACP"]
[Site "Riga"]
[Date "2013.09.15"]
[Round "4.4"]
[White "Nepomniachtchi, Ian"]
[Black "Grischuk, Alexander"]
[Result "1-0"]
[WhiteElo "2717"]
[BlackElo "2785"]
[PlyCount "123"]
[EventDate "2013.09.13"]
[EventType "k.o. (rapid)"]
[EventRounds "4"]
[EventCountry "LAT"]
[SourceTitle "CBM 156 Extra"]
[Source "ChessBase"]
[SourceDate "2013.10.22"]
[SourceVersion "1"]
[SourceVersionDate "2013.10.22"]
[SourceQuality "1"]

1. e4 e5 2. Nf3 Nf6 3. Nxe5 d6 4. Nf3 Nxe4 5. Nc3 Nf6 6. d4 Be7 7. Bd3 O-O 8.
h3 Re8 9. O-O Nbd7 10. Ne2 Nf8 11. c4 Ng6 12. b3 d5 13. Qc2 c6 14. c5 Ne4 15.
b4 a6 16. a4 Bf6 17. Be3 Nh4 18. Nxh4 Bxh4 19. Bf4 h6 20. Rab1 Ng5 21. Kh2 Ne6
22. Be5 Bd7 23. b5 axb5 24. axb5 Bf6 25. f4 Ra3 26. Rf3 Ra5 27. bxc6 Bxc6 28.
Rg3 Kh8 29. Qc3 Ra2 30. Bc2 Bxe5 31. fxe5 f6 32. Qd3 Rxc2 33. Qxc2 fxe5 34.
dxe5 d4 35. Rd1 Qd5 36. Qf5 Rf8 37. Qg4 Qxe5 38. Nxd4 Nxd4 39. Qxd4 Rf5 40.
Qxe5 Rxe5 41. Rc1 Re2 42. Rcc3 Kh7 43. Rce3 Rxe3 44. Rxe3 Kg6 45. Re6+ Kf5 46.
Rd6 h5 47. g3 g5 48. Kg1 h4 49. gxh4 gxh4 50. Kf2 Kf4 51. Rd4+ Kg5 52. Rg4+ Kh5
53. Ke3 Bd7 54. Rg7 Bxh3 55. Rxb7 Bg2 56. Rg7 Bc6 57. Kf4 h3 58. Rh7+ Kg6 59.
Rxh3 Kf7 60. Ke5 Ke7 61. Rh7+ Kd8 62. Kd6 1-0

[Event "World Cup ACP"]
[Site "Riga"]
[Date "2013.09.15"]
[Round "4.5"]
[White "Grischuk, Alexander"]
[Black "Nepomniachtchi, Ian"]
[Result "1-0"]
[WhiteElo "2785"]
[BlackElo "2717"]
[PlyCount "87"]
[EventDate "2013.09.13"]
[EventType "k.o. (rapid)"]
[EventRounds "4"]
[EventCountry "LAT"]
[SourceTitle "CBM 156 Extra"]
[Source "ChessBase"]
[SourceDate "2013.10.22"]
[SourceVersion "1"]
[SourceVersionDate "2013.10.22"]
[SourceQuality "1"]

1. d4 Nf6 2. c4 g6 3. Nf3 Bg7 4. e3 O-O 5. Be2 d5 6. cxd5 Nxd5 7. e4 Nb6 8. O-O
Bg4 9. Nbd2 Nc6 10. d5 Nb8 11. a4 c6 12. a5 N6d7 13. h3 Bxf3 14. Nxf3 Nf6 15.
Qb3 Qc8 16. Bg5 Nxe4 17. Bxe7 Re8 18. d6 Nxd6 19. Bxd6 Rxe2 20. Ng5 Qd7 21.
Rae1 Rxb2 22. Qc4 Na6 23. Re7 Qf5 24. Rxf7 Qd5 25. Rxg7+ Kxg7 26. Qc3+ Kg8 27.
Qxb2 Qxd6 28. Qxb7 Nc7 29. Ne4 Qe5 30. Qxc6 Rf8 31. Qc4+ Kg7 32. Rd1 Rf7 33.
Nc5 h5 34. f3 Qe3+ 35. Kh1 Qf2 36. Qc3+ Kh7 37. Rd8 Rg7 38. Ne4 Qf1+ 39. Kh2
Qb5 40. Nf6+ Kh6 41. Rh8+ Kg5 42. Ne4+ Kf4 43. Qxg7 Nd5 44. Qd4 1-0

[Event "Paris FIDE GP"]
[Site "Elancourt"]
[Date "2013.09.22"]
[Round "1"]
[White "Grischuk, Alexander"]
[Black "Wang, Hao"]
[Result "1/2-1/2"]
[WhiteElo "2785"]
[BlackElo "2747"]
[Annotator "Marin,M"]
[PlyCount "60"]
[EventDate "2013.09.22"]
[EventType "tourn"]
[EventRounds "11"]
[EventCountry "FRA"]
[EventCategory "20"]
[SourceTitle "CBM 157"]
[Source "ChessBase"]
[SourceDate "2013.11.12"]
[SourceVersion "1"]
[SourceVersionDate "2013.11.12"]
[SourceQuality "1"]

1. e4 e6 2. d4 d5 3. Nc3 Nf6 4. e5 Nfd7 5. f4 c5 6. Nf3 Nc6 7. Be3 Be7 8. Qd2
b6 $5 {Not one of the main traditional lines, but nowadays players tend to
explore a wide range of variations, especially in such a flexible opening as
the French.} 9. Bd3 (9. O-O-O {exposes the king to a pawn attack.} c4 10. f5 b5
11. fxe6 fxe6 12. Ng5 (12. Bg5 Qa5 13. Bxe7 Nxe7 14. Ne4 Qxd2+ 15. Nexd2 b4 $13
{Ziaziulkina,N (2342)-Cori Tello,D (2413) Athens 2012 (1-0, 91)}) (12. Nxb5 Rb8
$36) 12... Bxg5 13. Bxg5 Qa5 14. Kb1 b4 15. Ne2 c3 $36 {Firat,B (2421)
-Michiels,B (2505) Legnica 2013 (0-1, 20)}) (9. Be2 O-O 10. O-O Bb7 11. Bd3 f5
12. Nd1 $6 (12. exf6) 12... cxd4 13. Nxd4 Nc5 $132 {Smirnov,V (1957)-Bajarani,
U (2437) Kirishi 2011 (0-1, 46)}) (9. Nd1 {is the same plan as in the game,
but keeping the possibility of castling to either side, according to the
circumstances. It might be White's best move order.} cxd4 (9... O-O 10. Bd3 f5
11. exf6 Nxf6 12. Nf2 c4 13. Be2 Qc7 14. O-O Bd7 15. Ne5 Rad8 16. Bf3 Be8 17.
c3 Nxe5 18. fxe5 Nd7 19. Bg4 Qc6 20. Nh3 Bg6 21. Bg5 $14 {Quesada Perez,Y 
(2596)-Hernandez Carmenates,H (2541) Santa Clara 2013 (1-0, 41)}) 10. Nxd4 Nxd4
11. Bxd4 f6 12. exf6 Bxf6 13. g3 O-O 14. Ne3 Nc5 15. Bg2 Ba6 16. Bxf6 Qxf6 17.
O-O-O Rac8 18. Kb1 Rc7 19. Rhe1 $14 {Dominguez Perez,L (2725)-Shirov,A (2706)
Istanbul 2012 (1-0, 90)}) 9... Bb7 (9... O-O 10. O-O f6 11. exf6 Nxf6 12. Kh1
c4 13. Be2 Bb4 14. Ne5 Nxe5 15. dxe5 Ne4 16. Qe1 {Black should be doing fine
here, but the next move was probably based on a miscalculation.} d4 (16... Bxc3
17. bxc3 Bd7) 17. Rd1 Nxc3 18. bxc3 Bxc3 19. Qf2 b5 ({Morozevich might have
overlooked that} 19... dxe3 20. Qxe3 $14 {retrieves the piece with an
advantage.}) 20. Bxd4 Bxd4 21. Rxd4 Qa5 22. Bf3 Rb8 23. Rfd1 $36 {Carlsen,M 
(2837)-Morozevich,A (2770) Astana 2012 (1-0, 44)}) 10. O-O O-O 11. Nd1 cxd4 12.
Nxd4 Nxd4 13. Bxd4 f5 $1 {Grischuk praised this move, which solves Black's
problems.} 14. exf6 {Played after 42 minutes!} ({Grischuk considered the line} 
14. g4 g6 15. gxf5 gxf5 16. Ne3 Nc5 17. Kh1 Kh8 18. Rg1 Ne4 19. Bxe4 dxe4 {
but then realised that with the knight immobilised by the threat of ...e3+ he
can hardly be better.}) 14... Bxf6 15. c3 Qc7 $1 {Another strong move
according to Grischuk. Black develops normally and White is not in time to
maintain the blockade.} 16. Qe3 Rae8 $6 {Too slow.} ({The best was} 16... e5 $1
$132 {with better development for Black in an open position. Grischuk was
ready to settle for a draw with} 17. fxe5 Bxe5 18. Bxh7+ $5 $11 Kxh7 19. Qh3+
Kg8 20. Qe6+ Kh7 $11) 17. Qh3 g6 (17... h6 {creates some other sort of
weaknesses:} 18. Ne3 (18. Qh5 e5 19. fxe5 Bxe5 20. Rxf8+ Kxf8 $5 {preventing
Ne3} 21. Nf2 Nf6 $11) 18... Bxd4 19. cxd4 Rxf4 20. Ng4 $40 {and now the other
thematic sacrifice, Nxh6+ is in the air.}) 18. Ne3 $14 Bxd4 {Wang Hao spent 22
minutes before embarking on this risky operation.} 19. cxd4 Rxf4 $6 20. Bxg6 $1
{A very strong sacrifice, but Grischuk was getting short of time and could not
calculate the exact consequences with precision.} hxg6 21. Qh6 Rf6 (21... Rxf1+
22. Rxf1 Nf8 23. Ng4 $18) 22. Ng4 $6 ({As shown by Grischuk afterwards,} 22.
Rac1 $1 {was much stronger:} Qd8 23. Ng4 Rxf1+ (23... Ref8 24. Nxf6+ Rxf6 25.
Rf3 $1 Rxf3 26. Qxg6+ Kf8 27. gxf3 Nf6 28. Kh1 $16 {The material is about
equal, but the black king is exposed and the bishop is passive. Besides, the
dark squares are weak, allowing sudden queen switches such as Qg3-c7.}) 24.
Rxf1 Rf8 (24... Qe7 25. Qxg6+ Kh8 26. Rf7 $18) 25. Qxg6+ Kh8 26. Qh6+ Kg8 27.
Qxe6+ Kg7 28. Qh6+ Kg8 29. Re1 $40 {[%csl Gb7]}) 22... Rxf1+ (22... Ref8 23.
Nxf6+ Nxf6 24. Qxg6+ Qg7 25. Qxg7+ Kxg7 26. Rac1 Rf7 27. Rc3 Ba6 28. Rf4 $14)
23. Rxf1 Qc2 $1 {Possibly missed by Grischuk who already was in time trouble.
He confessed that he was happy when he found a safe way to a draw.} 24. Qh4 Rf8
25. Nh6+ Kg7 26. Qe7+ Kxh6 27. Qh4+ Kg7 28. Qe7+ Kh6 (28... Kh8 29. Rxf8+ Nxf8
30. Qxf8+ Kh7 31. Qe7+ $1 {leads to a perpetual anyway.}) 29. Qh4+ Kg7 30. Qe7+
Kh6 1/2-1/2

[Event "Paris FIDE GP"]
[Site "Elancourt"]
[Date "2013.09.27"]
[Round "5"]
[White "Ivanchuk, Vassily"]
[Black "Grischuk, Alexander"]
[Result "0-1"]
[WhiteElo "2731"]
[BlackElo "2785"]
[Annotator "ChessBase Website"]
[PlyCount "62"]
[EventDate "2013.09.22"]
[EventType "tourn"]
[EventRounds "11"]
[EventCountry "FRA"]
[EventCategory "20"]
[SourceTitle "CBM 157"]
[Source "ChessBase"]
[SourceDate "2013.11.12"]
[SourceVersion "1"]
[SourceVersionDate "2013.11.12"]
[SourceQuality "1"]
[TimeControl "40/7200:20/3600:900+30"]
[WhiteClock "2:00:00"]
[BlackClock "2:00:00"]

1. d4 {[%emt 0:00:03]} Nf6 {[%emt 0:00:09]} 2. c4 {[%emt 0:00:04]} g6 {[%emt 0:
00:23]} 3. Nc3 {[%emt 0:00:04]} d5 {[%emt 0:00:14]} 4. Bf4 {[%emt 0:00:04]} Bg7
{[%emt 0:00:20]} 5. e3 {[%emt 0:00:04]} O-O {[%emt 0:03:13]} 6. Rc1 {[%emt 0:
02:50] A topical line in the Gruenfeld. The old response...} Be6 {[%emt 0:08:
41]} (6... c5 {has come out of fashion because of} 7. dxc5 Qa5 8. cxd5 Ne4 9.
Nge2 {and White's had amazing results in this variation.}) 7. c5 $5 {[%emt 0:
02:15] 'A move that has already been tried a few times. The idea is to quickly
expand on the queenside while destroying Black's possibility of counterplay on
the center. As a bonus, the move ...Be6 now looks silly. On the other hand
White has to be worried about a quick e5 break.'} c6 {[%emt 0:04:53]} 8. b4 {
[%emt 0:04:11] 'This however is unheard of. White usually develops his pieces
first.'} (8. h3 b6 9. b4 Ne4 10. Bd3 a5 11. Na4 Nd7 12. f3 b5 $1 $13 {
Jumabayev - So, 2012}) 8... Nbd7 {[%emt 0:08:58]} (8... Nh5 {immediately
pursuing the bishop, is also an interesting idea.}) 9. Bd3 {[%emt 0:13:43]} Nh5
{[%emt 0:10:19]} 10. Nge2 {[%emt 0:06:45]} f6 {[%emt 0:14:11] 'Black is trying
to play Bf7 and e5, there is no rush in exchanging on f4 as that bishop is not
going anywhere. The game highly resembles and a6 Slav, except that Black has
not committed to that weakness yet.'} 11. h4 {[%emt 0:13:33]} (11. h3 Nxf4 (
11... f5 12. Bh2 Bf7 13. f4 $13) 12. exf4 Bf7 13. f5 e5 $1 {And Black has
nothing to complain about.}) 11... Bf7 $5 {[%emt 0:06:54] Allowing the bishop
to live, but Grischuk has a specific idea in mind.'} 12. Bh2 {[%emt 0:01:48]}
f5 $1 {[%emt 0:00:11] 'This is the point. Black is going to force e5 in the
next move and obtain more than adequate counterplay. As a possible idea Black
can consider locking the center with e5-e4 and then pushing f4 with proper
preparation, alternatively he can take on d4 and hope to presure down the
diagonal and/or obtain e5 for his pieces.'} 13. f4 $2 {[%emt 0:00:03][%csl Rg4,
Rh2] This move is too anti-positional; the idea of course is to prevent e5,
but White is giving up too many factors to do this.'} Nhf6 {[%emt 0:13:13]
'White's light squares are too weak. If White's pawn was on h3 maybe this
would be acceptable, but Black is clearly better as it is in this situation.'}
14. Bg3 {[%emt 0:07:24]} Ng4 {[%emt 0:01:21]} 15. Qd2 {[%emt 0:02:53]} Ndf6 {
[%emt 0:08:08]} 16. Nd1 {[%emt 0:00:12]} Ne4 {[%emt 0:02:05]} 17. Bxe4 {
[%emt 0:00:06]} dxe4 {[%emt 0:00:16] 'One powerful knight has been destroyed,
but suddenly that bishop on f7 has gained life.'} 18. a4 {[%emt 0:01:16]} b6 {
[%emt 0:15:16] 'Breaking the position open is very natural: White's bishop on
g3 won't play a roll any time soon and the pair of bishops need scope.'} 19. h5
{[%emt 0:00:45]} gxh5 {[%emt 0:05:27]} 20. Bh4 {[%emt 0:01:05]} Bf6 {[%emt 0:
00:10] 'Trading off h4 wasn't necessary, but it's not bad either. White had to
sacrifice a pawn for this and more importantly the g-file is now open for
Black's rooks.'} 21. Bxf6 {[%emt 0:04:06]} Nxf6 {[%emt 0:00:02]} 22. Nf2 {
[%emt 0:00:16]} Kh8 {[%emt 0:01:13]} 23. O-O {[%emt 0:01:01]} Rg8 {[%emt 0:00:
40]} 24. b5 {[%emt 0:00:05]} Rc8 {[%emt 0:04:00]} 25. cxb6 {[%emt 0:08:46]}
Qxb6 {[%emt 0:00:02]} 26. a5 {[%emt 0:00:08]} Qb7 {[%emt 0:01:00]} 27. bxc6 {
[%emt 0:00:10]} Rxc6 {[%emt 0:00:02]} 28. Rxc6 {[%emt 0:00:05]} Qxc6 {[%emt 0:
00:02]} 29. Rc1 {[%emt 0:00:01]} Qa6 {[%emt 0:00:56] 'Black is better in every
sense: He has an extra pawn, better minor pieces, more activity and a safer
king. White's position doesn't need to collapse immediately but it is very
hard to play this.'} 30. Rc5 $2 {[%emt 0:00:36]} Bc4 $1 {[%emt 0:00:47] A
beautiful maneuver that finishes the game.'} 31. Nc3 {[%emt 0:04:57]} Bf1 {
[%emt 0:00:04] 'And suddenly White's g-pawn is defenseless! Of course after
that White's position will collapse and he has no counterplay whatsoever.'} 0-1

[Event "Paris FIDE GP"]
[Site "Elancourt"]
[Date "2013.09.29"]
[Round "7"]
[White "Gelfand, Boris"]
[Black "Grischuk, Alexander"]
[Result "1-0"]
[WhiteElo "2764"]
[BlackElo "2785"]
[Annotator "Gormally,D"]
[PlyCount "81"]
[EventDate "2013.09.22"]
[EventType "tourn"]
[EventRounds "11"]
[EventCountry "FRA"]
[EventCategory "20"]
[SourceTitle "CBM 157"]
[Source "ChessBase"]
[SourceDate "2013.11.12"]
[SourceVersion "1"]
[SourceVersionDate "2013.11.12"]
[SourceQuality "1"]

1. d4 e6 2. c4 Bb4+ {A favourite of my good friend Grandmaster Keith Arkell,
who tends to favour very solid setups with Black.} 3. Nd2 {This would
certainly be my choice if I was ever to face this opening, keeping as much
funk in the position as possible.} ({After the standard} 3. Bd2 {the almost
inevitable exchange of bishops will take some of the sting out of the position
for White. You could argue that this opening and the Bogo-Indian represent
some kind of Anti-chess, aiming to exchange pieces at the first available
opportunity. You might not be a million miles off, but then as Black the first
task in chess is to equalise. As such an exchange arguably brings him closer
to this goal, it's a valid strategy.}) 3... b6 ({With} 3... f5 $140 $5 {
Black can grab some central squares, in typical Dutch fashion. One of the
typical strategies White will employ in the main-line Dutch Stonewall is to
try and exchange his opponent's dark-squared bishop. With this bishop already
on b4, Black will either have to exchange it off or lose time. However this is
more of a hybrid Dutch than a Stonewall, as in the Stonewall the Black pawn
goes to d5, weakening the e5-square, which needs the protection of the
dark-squared bishop.} 4. g3 Nf6 5. Bg2 O-O 6. Ngf3 a5 7. O-O b6 8. Ne5 Ra7 9.
Nd3 Bxd2 10. Qxd2 Bb7 11. Bxb7 (11. f3 $5) 11... Rxb7 12. b3 Qe7 13. Bb2 d6 14.
d5 $1 e5 15. f4 $1 e4 16. Ne1 {Now the knight is heading for the d4-square,
eyeing up f5 and e6, so White was better in the game Nielsen,P (2662)-Nikolic,
P (2638) Barcelona 2012.}) 4. a3 Bxd2+ 5. Qxd2 Bb7 6. Nf3 f5 {This is the main
advantage of playing ...Bb4 check before developing the Knight to f6, as Black
can play ..f5, further increasing his influence over the e4-square. This is
more of a Nimzowitschian strategy than the Nimzo itself!} 7. g3 (7. e3 $5 {
is another typical option.} Nf6 8. b4 a5 9. b5 d6 10. Be2 Nbd7 11. O-O O-O 12.
a4 Qe8 13. Ne1 g5 $5 {with unbalanced play in the game Ding,L (2702)-Ivanchuk,
V (2766) Beijing 2012.}) 7... Nf6 8. Bg2 O-O 9. O-O Qe8 (9... a5 10. b3 d6 11.
Bb2 Nbd7 12. Rac1 Ra7 13. Rfd1 Qa8 $1 {was a clever way to re-organise in the
game Krejci,J (2486)-Sedlak,N (2592) Aschach 2011.}) 10. b4 d6 11. Bb2 Nbd7 12.
Rac1 Be4 13. a4 $6 ({In such positions both players have many strategic ideas
and plans to choose from. one typical idea is} 13. d5 $5 {to try and bring
alive the bishop on b2, and also free the important square on d4 for the
knight.} exd5 14. cxd5 Nxd5 {which at first glance just looks like a pawn down
for White, until you see the very powerful} 15. Rc4 $1 $36 Kh8 (15... N7f6 16.
Bxf6 Nxf6 (16... Rxf6 $2 17. Rxe4 $1) 17. Rxc7 {and White regains his pawn
with advantage;}) 16. Ng5 $1 Bxg2 17. Kxg2 N7f6 18. Bxf6 Nxf6 19. Rxc7 $16) (
13. Ne1 $6 Bxg2 14. Nxg2 {is something that White will generally try to avoid,
as the exchange of light-squared bishops makes his kingside more vulnerable.})
({So to that end another typical plan might be to play something like} 13. Bh3
{quite a sly idea, as White plans Ne1, followed by f3, but not allowing the
exchange of bishops. The problem is that in this particular position is that
it simply runs into} Qh5 $1) 13... a5 14. b5 Qh5 15. Ba3 Bb7 16. Qc2 Be4 17.
Qd2 Bb7 18. Qc2 $6 {More or less offering a repetition, but Grischuk wants
more.} f4 $1 $36 19. gxf4 Bxf3 20. Bxf3 Ng4 21. Bxg4 Qxg4+ 22. Kh1 Qxf4 23.
Rcd1 Rf5 {Black now has a very nice position, with very good attacking chances,
as with the exchange of light-squared bishops the White king is very
vulnerable. However it is never that easy to just mate the top players, and
Gelfand offers stubborn resistance.} (23... e5 $5 24. c5 $1 dxc5 25. dxc5 Nxc5
26. Bxc5 bxc5 27. Qxc5 Qe4+ 28. f3 Qxe2 29. Rde1 {only leads to rough equality.
}) 24. f3 Rh5 25. e3 $1 Qh4 (25... Qxe3 $4 26. Bc1) 26. Qf2 Qf6 27. Rg1 Rf8 28.
Rg3 Rf7 29. Rdg1 Nf8 30. Qc2 Ng6 31. c5 {The game at this point was reaching a
crescendo as both players were entering desperate time-trouble, which may
explain the many almost comical blunders that now ensue. White's king looks
the more vulnerable, but appearances can be deceptive. The two white rooks on
the g-file, combined with the seemingly dormant bishop on a3, form a latent
trap into which Grischuk quickly falls.} Nh4 $2 {Grischuk as is his style,
puts his store in an all-out assault on the white king, but this proves to be
a huge blunder. He should have taken care of the queenside situation first.} (
31... dxc5 32. dxc5 bxc5 33. Bxc5 Rf5 34. f4 {would have led to unclear play.})
32. cxd6 $1 Qd8 {A depressing retreat, Grischuk must have realised that
something had gone terribly wrong.} ({After} 32... Nxf3 {the cold-blooded} 33.
dxc7 {pours cold water over Black's attacking prospects.}) 33. dxc7 $2 (33.
Rxg7+ $1 Rxg7 34. Rxg7+ Kxg7 35. Qxc7+ Qxc7 36. dxc7 {would have ended the
game on the spot. Although this may seem harsh, maybe this is the difference
between Gelfand and Carlsen. We have become used to seeing how ruthless
Carlsen is in such situations, when he gets a chance, but Gelfand by contrast
almost lets Grischuk back in the game.}) 33... Rxc7 34. Qe4 $1 Qd5 35. Qf4 (35.
Qg4 $5 {introduces a massive threat of taking on g7, forcing Black into a very
poor ending after} Nf5 36. e4 Nxg3+ 37. Rxg3 Rxh2+ 38. Kxh2 Qa2+ 39. Kh3 Qxa3
40. Qxe6+ Rf7 41. Qxb6 Qxa4 42. Qb8+ Rf8 43. Qe5 g6 $16) 35... Qd8 36. e4 Ng6
37. Qd6 $2 (37. Qg4 Rh4 38. Qxe6+ Kh8 39. Bd6 Rc2 40. R3g2 {should be easily
winning, but short of time Gelfand starts to see ghosts, and offers the
exchange of queens, to try and reduce any potential danger.}) 37... Qc8 $2 (
37... Qxd6 38. Bxd6 Rc4 {and White would have to show some serious technique
to win this game.} 39. Ra1 Kf7 {and it's not at all easy for White to make
progress, as the rook on c4 is very strong.} 40. Rgg1 Rxd4 $1 41. Bc7 Ne5 42.
Bxb6 Nxf3 43. Ra2 Rxe4 44. Rf1 Rf5 45. Bxa5 Ke7 46. Bc3 {and although White is
certainly much better, it's far from over.}) 38. d5 $6 ({The cold-blooded} 38.
Qxb6 $1 Rc2 39. R3g2 {was good enough.}) 38... Rc2 $2 (38... exd5 $1 39. exd5
Qd7 $1 40. Qxd7 Rxd7 41. d6 Rf5 {creates a kind of blockade for Black, where
again White would have great difficulty making progress, but it wasn't easy to
understand all this with your flag hanging.} 42. Rc1 {and probably White will
win in the end with Black having to suffer for many moves, so perhaps it was
better to get it over with quickly.}) 39. R3g2 Rxg2 40. Rxg2 exd5 41. Qc6 $1 {
The time control had been reached and Grischuk realised the hopelessness of
his situation, so he resigned.} 1-0

[Event "EU-Cup 29th"]
[Site "Rhodes"]
[Date "2013.10.22"]
[Round "3.1"]
[White "Karttunen, Mika"]
[Black "Grischuk, Alexander"]
[Result "0-1"]
[WhiteElo "2445"]
[BlackElo "2786"]
[PlyCount "80"]
[EventDate "2013.10.20"]
[EventType "team-swiss"]
[EventRounds "7"]
[EventCountry "GRE"]
[SourceTitle "CBM 157"]
[Source "ChessBase"]
[SourceDate "2013.11.12"]
[SourceVersion "1"]
[SourceVersionDate "2013.11.12"]
[SourceQuality "1"]
[WhiteTeam "Tammer"]
[BlackTeam "Malachite Sverdlovsk Region"]
[WhiteTeamCountry "FIN"]
[BlackTeamCountry "RUS"]

1. e4 c5 2. Nf3 e6 3. b3 d6 4. Bb5+ Bd7 5. Bxd7+ Nxd7 6. O-O Ngf6 7. Qe2 Be7 8.
c3 O-O 9. d4 d5 10. exd5 exd5 11. Be3 Re8 12. Qd3 Rc8 13. Nbd2 cxd4 14. Bxd4
Nc5 15. Qf5 g6 16. Qh3 Ne6 17. Be5 Nd7 18. Bd4 Nf4 19. Qh6 Ne2+ 20. Kh1 Bf8 21.
Qh3 Nxc3 22. a4 Bg7 23. Bxg7 Kxg7 24. Nd4 Nf6 25. f4 Ne2 26. N2f3 Nxf4 27. Qg3
N4h5 28. Qg5 Ne4 29. Nf5+ Kh8 30. Qh6 Qf6 31. g4 gxf5 32. Qxh5 fxg4 33. Nh4 Qg5
34. Qxg5 Nxg5 35. Rf5 h6 36. Rf2 Rc3 37. Nf5 Kh7 38. b4 Rf3 39. Kg2 Rxf2+ 40.
Kxf2 Re4 0-1